000 00267nam a22001217a 4500
008 210226b ||||| |||| 00| 0 eng d
041 _aeng
080 _24th
_a159.9
100 _a48
101 _aPSI
245 _aSigns and Symptoms
_cMacbryde,M.C
942 _2udc
_cBK
999 _c55298
_d55298